Statistics for Numbered Answers Quiz #2

Click here to take the quiz!

General Stats

  • This quiz has been taken 37,265 times
    (24,937 since last reset)
  • The average score is 14 of 24

Answer Stats

Clue # Answer % Correct
What cats have9Nine Lives
98%
Pride, Gluttony, etc...7Seven Deadly Sins
93%
Cruella's adversaries101101 Dalmatians
91%
Eminem movie88 Mile
82%
Michael and his brothers5The Jackson 5
78%
Thou shalt nots10Ten Commandments
78%
Rapper whose real name is
Curtis Jackson
5050 Cent
77%
Noisy military honor2121-gun salute
65%
See how they run3Three Blind Mice
64%
What a suicide bomber
might hope for
7272 Virgins
64%
Obama's former address16001600 Pennsylvania
60%
Lemon lime soda brand77-Up
57%
1970s audio technology8Eight Track
56%
Maximum separation
between any two people
6Six Degrees
56%
Damned if you do,
damned if you don't
22Catch 22
54%
Molly Ringwald movie16Sixteen Candles
53%
Movie about a jury12Twelve Angry Men
51%
Alexandre Dumas novel3The Three
Musketeers
47%
Half dozen of the other6Six of One
40%
Barrier broken
by Roger Bannister
4Four Minute Mile
34%
What led the big parade76Seventy-Six
Trombones
32%
What Martin Luther nailed to
a cathedral door
95Ninety-Five Theses
32%
What have flown over Texas6Six Flags
30%
What diverged in a
yellow wood
2Two Roads
25%

Score Distribution

Percentile by Number Answered

Percent of People with Each Score

Your Score History

You have not taken this quiz since the last reset